Nội soi trong phụ khoa

Đã lưu trong:
书目详细资料
主要作者: Nguyễn Đức Hinh
格式: 图书
语言:Undetermined
出版: H. Y Học 2000
主题:
标签: 添加标签
没有标签, 成为第一个标记此记录!
Thư viện lưu trữ: Trung tâm Học liệu Trường Đại học Cần Thơ
LEADER 00509nam a2200181Ia 4500
001 CTU_45536
008 210402s9999 xx 000 0 und d
082 |a 618.1 
082 |b H312 
100 |a Nguyễn Đức Hinh 
245 0 |a Nội soi trong phụ khoa 
245 0 |c Nguyễn Đức Hinh chủ biên 
260 |a H. 
260 |b Y Học 
260 |c 2000 
650 |a genecology,generative organs, female 
650 |x diseases 
980 |a Trung tâm Học liệu Trường Đại học Cần Thơ